000 00640nam a2200241 a 4500
001 nice12345678
003 IN_TiNIC
005 20260116011326.0
008 050524s1920 guta grp 000 0 ger
020 _a
_c100
082 0 0 _a297.1
_bSIM1
100 _aSimon, Gottfried
245 _aDer Islam
_b Und Die Chrliftliche Derkundigung.
260 _aGutersloh
_bDrudh Unb Uerlag Von D. Bertelsmann
_c1920
300 _a353p.
500 _aincludes index and biblioraphy
505 2 _aMethodist church west africa
650 _aIslam-Meccan Trade
700 1 _aSimon, Gottfried
902 _bSRS
942 _cBK
999 _c535
_d535